| 000 -LEADER |
| fixed length control field |
01580cam a2200409 a 4500 |
| 001 - CONTROL NUMBER |
| control field |
16189987 |
| 003 - CONTROL NUMBER IDENTIFIER |
| control field |
OSt |
| 005 - DATE AND TIME OF LATEST TRANSACTION |
| control field |
20240404143902.0 |
| 008 - FIXED-LENGTH DATA ELEMENTS--GENERAL INFORMATION |
| fixed length control field |
100416s2009 enkab b 001 0 eng d |
| 010 ## - LIBRARY OF CONGRESS CONTROL NUMBER |
| LC control number |
2010292769 |
| 015 ## - NATIONAL BIBLIOGRAPHY NUMBER |
| National bibliography number |
GBA971526 |
| Source |
bnb |
| 016 7# - NATIONAL BIBLIOGRAPHIC AGENCY CONTROL NUMBER |
| Record control number |
015331702 |
| Source |
Uk |
| 020 ## - INTERNATIONAL STANDARD BOOK NUMBER |
| International Standard Book Number |
9780745644943 |
| 020 ## - INTERNATIONAL STANDARD BOOK NUMBER |
| International Standard Book Number |
9780745644950 (pbk.) |
| 035 ## - SYSTEM CONTROL NUMBER |
| System control number |
(OCoLC)ocn427611115 |
| 040 ## - CATALOGING SOURCE |
| Original cataloging agency |
UKM |
| Transcribing agency |
UKM |
| Modifying agency |
SINLB |
| -- |
YDXCP |
| -- |
C#P |
| -- |
DLC |
| 042 ## - AUTHENTICATION CODE |
| Authentication code |
lccopycat |
| 050 00 - LIBRARY OF CONGRESS CALL NUMBER |
| Classification number |
P90 |
| Item number |
.B695 2009 |
| 082 04 - DEWEY DECIMAL CLASSIFICATION NUMBER |
| Classification number |
302.2308 |
| Edition number |
22 |
| Author Mark |
BRI |
| 100 1# - MAIN ENTRY--PERSONAL NAME |
| Personal name |
Briggs, Asa, |
| Dates associated with a name |
1921- |
| 9 (RLIN) |
122282 |
| 245 12 - TITLE STATEMENT |
| Title |
A social history of the media : |
| Remainder of title |
from Gutenberg to the Internet / |
| Statement of responsibility, etc. |
Asa Briggs and Peter Burke. |
| 250 ## - EDITION STATEMENT |
| Edition statement |
3rd ed. |
| 260 ## - PUBLICATION, DISTRIBUTION, ETC. |
| Place of publication, distribution, etc. |
Cambridge, UK ; |
| -- |
Malden, MA : |
| Name of publisher, distributor, etc. |
Polity, |
| Date of publication, distribution, etc. |
2009. |
| 300 ## - PHYSICAL DESCRIPTION |
| Extent |
viii, 346 p. : |
| Other physical details |
ill., map ; |
| Dimensions |
25 cm. |
| 500 ## - GENERAL NOTE |
| General note |
Previous ed.: 2005. |
| 504 ## - BIBLIOGRAPHY, ETC. NOTE |
| Bibliography, etc. note |
Includes bibliographical references (p. 315-330) and index. |
| 650 #0 - SUBJECT ADDED ENTRY--TOPICAL TERM |
| Topical term or geographic name entry element |
Mass media |
| General subdivision |
History. |
| 9 (RLIN) |
122283 |
| 650 #0 - SUBJECT ADDED ENTRY--TOPICAL TERM |
| Topical term or geographic name entry element |
Mass media |
| General subdivision |
Social aspects. |
| 9 (RLIN) |
119420 |
| 650 #0 - SUBJECT ADDED ENTRY--TOPICAL TERM |
| Topical term or geographic name entry element |
Mass media |
| General subdivision |
Economic aspects. |
| 9 (RLIN) |
1588 |
| 700 1# - ADDED ENTRY--PERSONAL NAME |
| Personal name |
Burke, Peter, |
| Dates associated with a name |
1937- |
| 9 (RLIN) |
122284 |
| 856 42 - ELECTRONIC LOCATION AND ACCESS |
| Materials specified |
Contributor biographical information |
| Uniform Resource Identifier |
<a href="http://www.loc.gov/catdir/enhancements/fy1008/2010292769-b.html">http://www.loc.gov/catdir/enhancements/fy1008/2010292769-b.html</a> |
| 856 42 - ELECTRONIC LOCATION AND ACCESS |
| Materials specified |
Publisher description |
| Uniform Resource Identifier |
<a href="http://www.loc.gov/catdir/enhancements/fy1008/2010292769-d.html">http://www.loc.gov/catdir/enhancements/fy1008/2010292769-d.html</a> |
| 856 41 - ELECTRONIC LOCATION AND ACCESS |
| Materials specified |
Table of contents only |
| Uniform Resource Identifier |
<a href="http://www.loc.gov/catdir/enhancements/fy1008/2010292769-t.html">http://www.loc.gov/catdir/enhancements/fy1008/2010292769-t.html</a> |
| 906 ## - LOCAL DATA ELEMENT F, LDF (RLIN) |
| a |
7 |
| b |
cbc |
| c |
copycat |
| d |
2 |
| e |
ncip |
| f |
20 |
| g |
y-gencatlg |
| 942 ## - ADDED ENTRY ELEMENTS (KOHA) |
| Source of classification or shelving scheme |
|
| Koha item type |
Book |